000 00442nam a2200181Ia 4500
001 15238
005 20260306165013.0
008 260306t2014||||xx |||||||||||||| ||spa||
041 _aESP
082 _a531
_bA77
100 _aArrascue Córdova, Lily
_eAUT
245 0 _aFísica mecánica:
_bnivelación para estudiantes universitarios
260 _c2014
300 _a
_c
650 _aGEN
654 _aCCN
942 _cLIB
_dJUS
_fJUS
_2ddc
_n
999 _c15238
_d15238